TIGER/Line 1995. other areas included : AS, GU, MP, PR, UM, VI. AK, CA, HI, OR, WA :

Extracts of selected geographic and cartographic information from the Census Bureau's Census TIGER system, containing data describing points, lines and areas on Census Bureau maps and providing information on streets, rivers, railroads, and other line features, where they intersect and the area...

Full description

Bibliographic Details
Corporate Authors: United States. Bureau of the Census. Geography Division, United States. Bureau of Transportation Statistics
Format: Government Document Book
Published: Washington, DC : U.S. Dept. of Commerce, Bureau of the Census, Geography Division, [1996]
Subjects:

MARC

Tag First Indicator Second Indicator Subfields
LEADER 00000cmm a2200000 a 4500
001 in00001357607
005 20151006063627.0
008 970109s1996 dcu u f N/A d
010 |a gp 97060546  
035 |a (OCoLC)36180240 
035 |9 AHG9938AM 
040 |d GPO  |d DLC  |d MvI  |d UtOrBLW 
043 |a n-usp--  |a nwpr---  |a nwvi--- 
074 |a 0982-L-06 
086 0 |a TD 1.56/5:CD-TGR-95-06 
088 |a CD-TGR 95-06 
090 |a G1460  |b .T53 1996 
245 0 0 |a TIGER/Line 1995.  |p AK, CA, HI, OR, WA :  |b other areas included : AS, GU, MP, PR, UM, VI. 
246 2 |a TIGER Line 1995 
264 1 |a Washington, DC :  |b U.S. Dept. of Commerce, Bureau of the Census, Geography Division,  |c [1996] 
300 |a 1 CD-ROM ;  |c 4 3/4 in. 
336 |a computer program  |b cop  |2 rdacontent 
337 |a computer  |b c  |2 rdamedia 
338 |a computer disc  |b cd  |2 rdacarrier 
538 |a System requirements: Computer system capable of using a CD-ROM drive; if IBM PC or compatible, requires MS-DOS 3.3 or higher; DOS file manager software (e.g. MS CD-ROM Extensions version 2.0 or higher); if system other than IBM PC or compatible (such as Apple Macintosh), requires appropriate retrieval software for ISO 9660 CD-ROMs; MS CD-ROM Extensions version 2.0 or higher; unzip software compatible with PK-ZIP 1.93 or higher required to decompress data files; Adobe/Acrobat reader; 640K RAM; CD-ROM drive. 
500 |a Title from disc label. 
500 |a "Sponsored by the Bureau of Transportation Statistics, U.S. Department of Transportation." 
500 |a Hierarchical file structure. 
500 |a Shipping list number: 97-0017-E. 
500 |a "Issued September 1996." 
538 |a Disc characteristics: CD-ROM. 
538 |a Written in dBase format. 
500 |a ISO 9660 format. 
520 |a Extracts of selected geographic and cartographic information from the Census Bureau's Census TIGER system, containing data describing points, lines and areas on Census Bureau maps and providing information on streets, rivers, railroads, and other line features, where they intersect and the areas they enclose. 
500 |a "CD-TGR95-06." 
500 |a Computer file. 
650 0 |a Digital mapping  |x Databases. 
651 0 |a Northwestern States  |x Maps  |x Databases. 
651 0 |a Puerto Rico  |x Maps  |x Databases. 
651 0 |a Virgin Islands  |x Maps  |x Databases. 
651 0 |a Pacific Islands (Trust Territory)  |x Maps  |x Databases. 
710 1 |a United States.  |b Bureau of the Census.  |b Geography Division. 
710 1 |a United States.  |b Bureau of Transportation Statistics. 
999 |a MARS 
999 f f |s 393c1270-e4e2-3800-9d5a-c98b9e7ecbfc  |i 1b49aa37-319b-3d1f-991d-1043d543f9e1  |t 0 
952 f f |p normal  |a Texas A&M University  |b College Station  |c Sterling C. Evans Library  |d Evans: Maps (2nd floor)  |t 0  |e TD 1.56/5:CD-TGR-95-06  |h Superintendent of Documents classification  |i computer -- computer disc  |m A14826617563 
998 f f |a TD 1.56/5:CD-TGR-95-06  |t 0  |l Evans: Maps (2nd floor)